Rainbow in the Dark . Рони Джеймс Дио (Запис номер 435823)
[ съкратено ]
| 000 -Лидер | |
|---|---|
| Контролно поле с фиксирана дължина | 01550nam a2200361 c 4500 |
| 003 - Код на организацията, давaща контролен номер | |
| Контролно поле | BLK |
| 005 - Дата и час на последна редакция | |
| Контролно поле | 20230908005128.0 |
| 008 - Елементи от данни с фиксирана дължина | |
| fixed length control field | 180411b bul|||||r ||||||| ||bul|| |
| 020 ## - Международен стандартен номер на книга ISBN | |
| Международен стандартен номер на книга ISBN | 9789542836780 |
| 040 ## - Източник на каталожния запис | |
| Идентификатор на билиотеката - собственик на записа | BLK |
| 041 ## - Код за език | |
| Код за езика на текст/звукозапис или на отделно заглавие | Български |
| Код за езика КДБФ | Български |
| 080 ## - УДК | |
| Текстов определител УДК | Американска литература (на САЩ) |
| УДК код - определител по УДК | 821.111(73) |
| УДК определител | -94 |
| УДК - код + определител | 821.111(73)-94 |
| 080 ## - УДК | |
| Текстов определител УДК | Американски рок певец и композитор |
| УДК код - определител по УДК | 929 Дио, Рони Джеймс |
| УДК - код + определител | 929 Дио, Рони Джеймс |
| 100 1# - Редна дума - Автор | |
| Автор | Дио, Рони Джеймс |
| Авторска отговорност | първи автор |
| R(LIN) | 338081 |
| 139 ## - Редно поле | |
| Редна дума | Дио, Рони Джеймс и др. |
| Авторски знак | Дин - Д 62 |
| 245 10 - Сведения за заглавието | |
| Заглавие | Rainbow in the Dark . Рони Джеймс Дио |
| Подзаглавни данни | Автобиография |
| Редно поле (дума) | Рони Джеймс Дио, Уенди Дио, Мик Уол; прев. от англ. Коста Сивов |
| 260 ## - Област на издателските данни | |
| Място на издаване, разпространение и проч. | София |
| Име на издателя, разпространителя и проч. | Сиела Норма |
| Година на издаване | 2021 |
| 9 (RLIN) | 217021 |
| Издателство - префикс ISBN | 978-954-28- |
| 300 ## - Физическа характеристика | |
| Страници | 268 с. |
| Размери/Мащаб | 23 см |
| 380 ## - Жанр | |
| Жанр | Худож. лит. |
| 500 ## - Общи забележки | |
| Забележка | Ориг. загл.: Rainbow in the dark: the autobiography / Ronnie James Dio, Mick Wall, Wendy Dio |
| 600 14 - Име на лице, използвано като предмет | |
| За него / За нея | Дио, Рони Джеймс |
| 9 (RLIN) | 224510 |
| 700 ## - Други автори (авторска отговорност) | |
| Лично име | Сивов, Коста Атанасов |
| 9 (RLIN) | 383724 |
| 700 ## - Други автори (авторска отговорност) | |
| Лично име | Дио, Уенди |
| Автороска отговорност (Описва отношението между автора и произведението) | съавт. |
| 9 (RLIN) | 466882 |
| 700 ## - Други автори (авторска отговорност) | |
| Лично име | Уол, Мик |
| Автороска отговорност (Описва отношението между автора и произведението) | съавт. |
| 9 (RLIN) | 466883 |
| 852 ## - Местоположение | |
| Фондова буква | Заемна - подръчен фонд |
| Систематично-азбучна сигнатура | 821-9/Д 62 |
| Форматна сигнатура | Цб 312711 |
| 852 ## - Местоположение | |
| Фондова буква | Заемна - подръчен фонд |
| 856 4# - Електронен адрес и достъп | |
| Електронен формат | pdf - файл |
| 856 4# - Електронен адрес и достъп | |
| Електронен формат | pdf - файл |
| 999 ## - СИСТЕМНИ КОНТРОЛНИ НОМЕРА | |
| Koha biblionumber | 435823 |
| Koha biblioitemnumber | 435823 |
| 942 ## - АРТИКУЛИ | |
| Вид на библиотечния материал | Книги |
| Скрит в OPAC | Не |
| Периодичен библиозапис | Да |
| Koha issues (borrowed), all copies | 15 |
| 944 ## - СЪЗДАВАНЕ И РЕДАКЦИЯ на ЗАПИСА | |
| Създаване/Редакция | Създаване |
| Дата на регистрацията/редакция | 2021-11-05 |
| Служител, извършил регистрацията/редакцията | |
| Статус, дата на статуса | CRON CRON |
| 999 ## - СИСТЕМНИ КОНТРОЛНИ НОМЕРА | |
| Koha biblioitemnumber | 435823 |
| 999 ## - СИСТЕМНИ КОНТРОЛНИ НОМЕРА | |
| Koha biblioitemnumber | 435823 |
| Код за отписване | Код за изгубен артикул | Източник на класификационната схема | Код за повреда | Коз за рестрикции | Код за отдаване | Артикулен № | Име на библиотеката - собственик | Име на библиотеката, в която се намира в момента | Статус (Текущо местоположение) | Дата на вписване в системата | Местоположение - отдел | Цена в лева | Систематично азбучна сигнатура | Баркод | Цена в евро | Служебен тип на артикула |
|---|---|---|---|---|---|---|---|---|---|---|---|---|---|---|---|---|
| Не е изгубен | Universal Decimal Classification | Не е повреден | без рестрикции | заемане за дома | 863721 | Регионална библиотека "Любен Каравелов" Русе | Регионална библиотека "Любен Каравелов" Русе | Заемна - подръчен фонд | 2021-11-25 | Заемна - подръчен фонд | 9.00 | П 821-9 / Д62Р | 120000863089 | 4.60 | Книги | |
| Не е изгубен | Universal Decimal Classification | Не е повреден | без рестрикции | заемане за дома | 863722 | Регионална библиотека "Любен Каравелов" Русе | Регионална библиотека "Любен Каравелов" Русе | Заемна - подръчен фонд | 2021-11-25 | Заемна - подръчен фонд | 9.00 | П 821-9 / Д62Р | 120000863088 | 4.60 | Книги | |
| Не е изгубен | Universal Decimal Classification | Не е повреден | само за читалня | ползва се в читалня | 884348 | Регионална библиотека "Любен Каравелов" Русе | Регионална библиотека "Любен Каравелов" Русе | Хранилище | 2022-05-16 | Хранилище | 18.00 | Цб 312711 | 120000872401 | 9.20 | Книги |